000 00891cam a2200325 4500
001 M1995
008 090401t1995 xxu||||| |||| 00| 0 eng d
035 _a(Sirsi) u35899
041 _aeng
050 _a338.9
100 _aClark, Stephen
245 4 _aThe Private Finance Initiative - a new era for local authorities.
260 _aLondon
_bD J Freeman
_c1995
300 _a11p. ; 30cm.
350 _a0
520 _aA joint briefing by Hillier Parker and D J Freeman.
650 _aCAPITAL FINANCE
650 _aJOINT VENTURES
650 _aLOCAL AUTHORITIES
650 _aPFI
650 _aPRIVATE FINANCE INITIATIVE
690 _aPROPERTY-PROPERTY FINANCE AND INVESTMENT
700 _aRaggett, Brian
700 _aTotman, Ted
700 _aMagnus, Alan
710 _aHillier Parker
_92054
710 _aD. J. Freeman
_9794
942 _n0
948 _c04/03/1997
999 _c90159
_d90159